Integrirovannaja sistema "MASTER" dlja PEVM

Saved in:
Bibliographic Details
Main Author: Veselov, Jevgenij Nikolajevič
Format: Book
Language:Russian
Published: Moskva Finansy i statistika 1989
Edition:1. izd.
Tags: Add Tag
No Tags, Be the first to tag this record!

MARC

LEADER 00000nam a2200000 4500
001 c040558
005 20221215135439.7
041 0 |a rus 
044 |a RU 
245 1 0 |a Integrirovannaja sistema "MASTER" dlja PEVM  |c Jevgenij Nikolajevič Veselov 
250 |a 1. izd. 
264 1 |a Moskva  |b Finansy i statistika  |c 1989 
300 |a 318 s. 
100 1 |a Veselov, Jevgenij Nikolajevič